Movie Hangman V Quiz Stats

 Plays Quiz not verified by Sporcle

Score 0/135 Timer 07:00
0 Plays Today
Movie % Correct
O5???
97.1%
A7???
97.1%
O6???
96.5%
A9???
96.5%
R5???
96%
E7???
96%
Y5???
95.4%
H6???
95.4%
Y6???
95.4%
A8???
95.4%
O9???
95.4%
S6???
94.8%
S7???
94.8%
R8???
94.8%
I9???
94.8%
T9???
94.8%
•5 LETTER•???
94.2%
C5???
94.2%
K5???
94.2%
C6???
94.2%
•7 LETTER•???
94.2%
D7???
94.2%
M7???
94.2%
U7???
94.2%
X7???
94.2%
E8???
94.2%
I8???
94.2%
L8???
94.2%
N8???
94.2%
P8???
94.2%
N9???
94.2%
•6 LETTER•???
93.6%
P6???
93.6%
Z6???
93.1%
Q7???
93.1%
•8 LETTER•???
93.1%
C9???
93.1%
W9???
93.1%
Q5???
92.5%
X5???
92.5%
•9 LETTER•???
92.5%
H9???
92.5%
Z5???
91.9%
X6???
91.9%
Z7???
91.9%
Movie % Correct
Q8???
91.9%
X8???
91.9%
Q6???
91.3%
Z8???
91.3%
X9???
91.3%
Z9???
91.3%
V6???
90.8%
Q9???
90.8%
V8???
90.2%
V5???
89.6%
J5???
89%
W8???
89%
J8???
88.4%
W6???
87.9%
J7???
87.9%
V7???
87.3%
W7???
87.3%
J6???
86.7%
V9???
86.7%
W5???
85%
F6???
85%
K7???
85%
Y7???
85%
K8???
85%
F5???
84.4%
J9???
84.4%
K6???
83.2%
F7???
83.2%
G6???
82.7%
F8???
82.7%
G7???
82.1%
P7???
80.9%
G5???
80.3%
P5???
80.3%
H7???
80.3%
Y8???
80.3%
K9???
79.8%
H5???
78%
H8???
78%
B6???
76.9%
B7???
76.9%
F9???
76.9%
Y9???
76.9%
G8???
76.3%
B8???
75.1%
Movie % Correct
B5???
73.4%
D6???
72.8%
D5???
71.7%
C7???
71.7%
U8???
69.4%
C8???
68.8%
P9???
68.2%
D8???
67.1%
L6???
65.3%
M5???
64.7%
B9???
64.7%
G9???
64.7%
L5???
62.4%
D9???
62.4%
M6???
60.1%
O7???
59%
M8???
58.4%
I7???
57.2%
N5???
56.6%
L7???
56.6%
N6???
56.1%
N7???
54.3%
O8???
49.1%
U5???
47.4%
U9???
45.7%
R6???
45.1%
L9???
45.1%
T6???
43.9%
T5???
43.4%
T7???
42.8%
S5???
42.2%
R7???
42.2%
S8???
42.2%
M9???
42.2%
T8???
39.3%
U6???
27.2%
I5???
26.6%
R9???
25.4%
S9???
23.7%
E5???
16.8%
I6???
13.9%
A5???
13.3%
E9???
12.1%
E6???
9.2%
A6???
8.1%

You're not logged in!

Compare scores with friends on all Sporcle quizzes.
OR
Log In

Show Comments

Extras

Top Quizzes Today


Score Distribution

Your Account Isn't Verified!

In order to create a playlist on Sporcle, you need to verify the email address you used during registration. Go to your Sporcle Settings to finish the process.

Report this User

Report this user for behavior that violates our Community Guidelines.

Details: